1513 1854 1714 1907 1696 1342 1320 1365 1930 1504 1375 1561 1685 1424 1973 1346 1859 1532 1707 1173 1048 1516 1552 1534 1894 1054 1125 1806 1218 1323 1469 1676 1869 1900 1647 1979 1588 1065 1375 1622 1638 1538 1291 1574 1573 1700 1565 1370 1583 1009 1342 1926 1482 1070 1590 1125 1368 1992 1006 1169 1461 1622 1244 1460 1261 1057 1456 1534 1974 1795 1297 1791 1583 1325 1347 1168 1364 1835 1782 1436 1763 1647 1475 1157 1785 1011 1873 1748 1584 1044 1568 1739 1002 1541 1867 1828 1469 1849 1655 BCNSPRNW ULIB Ver.6.0+V

เปลี่ยนเป็นภาษาไทย

Change to English
 แสดงรายละเอียดบรรณานุกรม
  กลับหน้าหลัก

Brief Record : Get Marc (ISO 2709) : E-mail record : QR code < ปิดหน้าต่าง
LEADER : 00000nam 2200000uu 4500
001    13399120086
003     ULIB
008    120829s2549||||th 000 0 tha d
020    ^a9789749557099
090    ^aนว.^bส894ส 2549
100 0  ^aโสภาค สุวรรณ
245 00 ^aส้มพอหลวง 2/^cโสภาค สุวรรค
250    ^aพิมพ์ครั้งที่ 2
260    ^aกรุงเทพฯ :^bรวมสาส์น,^c2549
300    ^a532 หน้า
945    ^p0^l0^i16168
995    ^aกัณชพร
999    ^aใช้งานได้ทุกระบบ
รายการนี้ยังไม่มีแท็ก
คุณยังไม่ได้ล็อกอิน คุณสามารถมีกิจกรรมร่วมกับเว็บไซต์ได้ แต่ต้องล็อกอินก่อน ::
  ล็อกอิน

รายการสื่อสารสนเทศ

ลำดับที่ ประเภท เลขเรียก/บาร์โค้ด สถานที่ สถานะ
1. นวนิยาย
นวนิยาย
นว. ส894ส 2549  
  Barcode: 16168
ห้องสมุดวิทยาเขตสวรรค์ประชารักษ์
►นวนิยาย
บนชั้น
  ขอยืม

รายการใกล้เคียง
    ผู้แต่ง [โสภาค สุวรรณ]

BibComment


ยังไม่เคยถูกคอมเมนท์

คอมเมนท์ทรัพยากรรายการนี้
  คอมเมนท์: ส้มพอหลวง 2 โสภา..


 Copyright 2026. Bcnsprnw @Library